Theoretical basis for nursing / (Record no. 85781)

MARC details
000 -LEADER
fixed length control field 00908nam a22002777a 4500
003 - CONTROL NUMBER IDENTIFIER
control field URS
005 - DATE AND TIME OF LATEST TRANSACTION
control field 20250904115922.0
008 - FIXED-LENGTH DATA ELEMENTS--GENERAL INFORMATION
fixed length control field 250904b |||||||| |||| 00| 0 eng d
020 ## - INTERNATIONAL STANDARD BOOK NUMBER
International Standard Book Number 978-1-975175-65-8
040 ## - CATALOGING SOURCE
Description conventions rda
Transcribing agency URS
Language of cataloging English
050 ## - LIBRARY OF CONGRESS CALL NUMBER
Classification number RT84.5
Item number .M159 2023
100 ## - MAIN ENTRY--PERSONAL NAME
Personal name McEwen, Melanie,
Relator term author.
9 (RLIN) 5829
245 ## - TITLE STATEMENT
Title Theoretical basis for nursing /
Statement of responsibility, etc Melanie McEwen, Evelyn M. Wills.
250 ## - EDITION STATEMENT
Edition statement sixth edition.
264 #1 - PUBLICATION, DISTRIBUTION, ETC. (IMPRINT)
Place of publication, distribution, etc Philadelphia :
Name of publisher, distributor, etc Wolters Kluwer Health/Lippincott Williams & Wilkins,
Date of publication, distribution, etc ©2023.
300 ## - PHYSICAL DESCRIPTION
Extent xvi, 589 pages ;
Dimensions 26 cm.
336 ## - CONTENT TYPE
Content type term text
Content type code txt
Source rdacontent
337 ## - MEDIA TYPE
Media type term unmediated
Media type code n
Source rdamedia
338 ## - CARRIER TYPE
Carrier type term volume
Carrier type code nc
Source rdacarrier
500 ## - GENERAL NOTE
General note Includes glossary and indexes.
650 #0 - SUBJECT ADDED ENTRY--TOPICAL TERM
Topical term or geographic name as entry element Nursing
General subdivision Philosophy.
9 (RLIN) 5728
650 #0 - SUBJECT ADDED ENTRY--TOPICAL TERM
Topical term or geographic name as entry element Nursing models.
9 (RLIN) 5830
650 #0 - SUBJECT ADDED ENTRY--TOPICAL TERM
Topical term or geographic name as entry element Nursing theory.
9 (RLIN) 1101
700 ## - ADDED ENTRY--PERSONAL NAME
Personal name Wills, Evelyn M.,
Relator term author.
9 (RLIN) 5831
942 ## - ADDED ENTRY ELEMENTS (KOHA)
Source of classification or shelving scheme Library of Congress Classification
Koha item type Reserved Books
Holdings
Withdrawn status Lost status Source of classification or shelving scheme Damaged status Not for loan Collection code Home library Current library Shelving location Date acquired Source of acquisition Total Checkouts Full call number Barcode Date last seen Copy number Cost, replacement price Koha item type
    Library of Congress Classification     Non-fiction Taytay College Library Taytay College Library Nursing Collection 08/12/2025 Purchased   RT84.5 .M159 2023 URSTAY-5853 09/04/2025 1 8028.00 Reserved Books

University of Rizal System
Email us at univlibservices@urs.edu.ph

Visit our Website www.urs.edu.ph/library